00531nam a2200169 4500010001300000035001300013037001800026040001200044082001500056245009400071260005600165270003700221300003000258650002900288650001300317700003100330 aA-315219 aA-315219 bCen Lib / Ret aDPLbEN a270.2bSAY aAl-Mīzān : ban exegesis of the Qurʼān /ctranslated by Sayyid Saeed Akhtar Rizvi  aIranbWorld Organization for Islamic Servicesc1983 aP.O. Box no. 2245, Tehran bIran a(v 5. xi, 288p)c27cm(Hb) aQurʼan -- Commentaries. aQurʼan. aSayyid Saeed Akhtar Rizvi